书目信息 |
| 题名: |
无机及分析化学
|
|
| 作者: | 钟国清 , 朱云云 主编 | |
| 分册: | ||
| 出版信息: | 北京 科学出版社 2006.08 |
|
| 页数: | 603页, [1] 叶图版 | |
| 开本: | 24cm | |
| 丛书名: | ||
| 单 册: | ||
| 中图分类: | O6 | |
| 科图分类: | ||
| 主题词: | 分析化学--fen xi hua xue--高等院校--教材 , 无机化学--wu ji hua xue--高等院校--教材 | |
| 电子资源: | ||
| ISBN: | 7-03-017335-X | |
| 000 | 01005nam0 2200265 450 | |
| 001 | 012006922079 | |
| 005 | 20061204165101.50 | |
| 010 | @a7-03-017335-X@dCNY44.00 | |
| 100 | @a20061101d2006 km y0chiy0120 ea | |
| 101 | 0 | @achi |
| 102 | @aCN@b110000 | |
| 105 | @aaf z 000yy | |
| 200 | 1 | @a无机及分析化学@Awu ji ji fen xi hua xue@f钟国清, 朱云云主编@Fzhong guo qing,zhu yun yun zhu bian |
| 210 | @a北京@c科学出版社@d2006.08 | |
| 215 | @a603页, [1] 叶图版@c图 (部分彩图)@d24cm | |
| 300 | @a21世纪高等院校教材 | |
| 330 | @a全书共分19章,主要内容包括气体、溶液和胶体,化学热力学初步,化学反应速率和化学平衡,物质结构基础,四大平衡和四大滴定分析等内容。 | |
| 333 | @a工、农、林、水产、医、师等高院校材料类、环境类、生物类专业本科生 | |
| 606 | 0 | @a分析化学@Afen xi hua xue@x高等院校@j教材 |
| 606 | 0 | @a无机化学@Awu ji hua xue@x高等院校@j教材 |
| 690 | @aO6@v4 | |
| 701 | 0 | @a钟国清@Azhong guo qing@4主编 |
| 701 | 0 | @a朱云云@Azhu yun yun@4主编 |
| 801 | 0 | @aCN@c20061204 |
| 905 | @a10447@dO6@eZ726 | |
| 无机及分析化学/钟国清, 朱云云主编.-北京:科学出版社,2006.08 |
| 603页, [1] 叶图版:图 (部分彩图);24cm |
| 21世纪高等院校教材.-使用对象:工、农、林、水产、医、师等高院校材料类、环境类、生物类专业本科生 |
| ISBN 7-03-017335-X:CNY44.00 |
| 全书共分19章,主要内容包括气体、溶液和胶体,化学热力学初步,化学反应速率和化学平衡,物质结构基础,四大平衡和四大滴定分析等内容。 |
| ● |
| 相关链接 |
|
|
|
正题名:无机及分析化学
索取号:O6/Z726
 
预约/预借
| 序号 | 登录号 | 条形码 | 馆藏地/架位号 | 状态 | 备注 |
| 1 | 225305 | 202253051 | 自科库401/401自科库 60排4列2层/ [索取号:O6/Z726] | 在馆 | |
| 2 | 225306 | 202253060 | 材料与化工学院资料室/ [索取号:O6/Z726] | 在馆 | |
| 3 | 225307 | 202253079 | 自科库401/401自科库 60排4列2层/ [索取号:O6/Z726] | 在馆 |